Epoxidised natural rubber (Record no. 58729)
[ view plain ]
| 000 -LEADER | |
|---|---|
| fixed length control field | 01416nam a2200169Ia 4500 |
| 100 ## - MAIN ENTRY--AUTHOR NAME | |
| Personal name | Baker C S L |
| 245 #0 - TITLE STATEMENT | |
| Title | Epoxidised natural rubber |
| 260 ## - PUBLICATION, DISTRIBUTION, ETC. (IMPRINT) | |
| Name of publisher | Journal of Natural Rubber Research |
| Year of publication | 1986 |
| 300 ## - PHYSICAL DESCRIPTION | |
| Number of Pages | 135-144 |
| 520 ## - SUMMARY, ETC. | |
| Summary, etc | The reaction of natural rubber with periacids yields a new polymer, the properties of which depend on the degree of epoxidation. The epoxide groups are randomly distributed along the rubber backbone and this together with the steoro-specific nature of the epoxidation reaction and the relatively small size of the oxygen atom, result in a polymer than can strain crystallise and, hence has good strength properties. Hysteresis and resistance to hydrocarbon oils increase with the degree of epoxidation whereas air permeability decreases. At epoxide levels of 50 mole per ccnet, these properties are comparable to those of some of the speciality synthetic elastomers. Excellent reinforcement of epoxidised natural rubber is obtained with silica fillers, even in the absence of coupling agents. Two levels of epoxidation, 25 mole per cent (ENR-25) and 50 mole per cent (ENR-50), have been studied for their potential as commercial rubbers, and both are available as development materials. |
| 650 ## - SUBJECT ADDED ENTRY--TOPICAL TERM | |
| Topical Term | Epoxidised natural rubber |
| 650 ## - SUBJECT ADDED ENTRY--TOPICAL TERM | |
| Topical Term | Natural rubber |
| 700 ## - ADDED ENTRY--PERSONAL NAME | |
| Personal name | Gelling I R |
| 700 ## - ADDED ENTRY--PERSONAL NAME | |
| Personal name | Samsuri Azemi Bin |
| 942 ## - ADDED ENTRY ELEMENTS (KOHA) | |
| Koha item type | Journals |
| Withdrawn status | Lost status | Damaged status | Not for loan | Home library | Current library | Shelving location | Date acquired | Serial Enumeration / chronology | Koha item type |
|---|---|---|---|---|---|---|---|---|---|
| Journals | RRII Library | RRII Library | Rubber chemistry | 17/12/2021 | Volume 1, Issue 2 | Journals |